| 000 | 00562nam a22001697a 4500 | ||
|---|---|---|---|
| 003 | OSt | ||
| 005 | 20240930174620.0 | ||
| 008 | 240930b |||||||| |||| 00| 0 eng d | ||
| 040 | _c0 | ||
| 082 | _aDPer 050 R22 2000 June -December 2023 v123 no. 7124-728 | ||
| 100 |
_aMai, Pyi. _eauthor. _961857 |
||
| 245 |
_aHer gift to the elephants / _cLek Chailert and Pyi Mai. |
||
| 260 |
_aTaipei ; _bReader's Digest Asia, _cDecember-January 2023. |
||
| 300 |
_aVolume 123, pages 97-103 , _b illustration. |
||
| 700 |
_aChailert, Lek. _eauthor. _961856 |
||
| 942 |
_2ddc _cPER |
||
| 999 |
_c22036 _d22036 |
||